AH International Schools' Libraries

Peppa's magical unicorn / (Record no. 49733)

MARC details
000 -LEADER
fixed length control field 02082nam a2200481 4500
020 ## - INTERNATIONAL STANDARD BOOK NUMBER
International Standard Book Number 9780241353783
020 ## - INTERNATIONAL STANDARD BOOK NUMBER
International Standard Book Number 1338584006
Qualifying information (paperback)
020 ## - INTERNATIONAL STANDARD BOOK NUMBER
International Standard Book Number 9781544436456
Qualifying information (Follett Bound)
020 ## - INTERNATIONAL STANDARD BOOK NUMBER
International Standard Book Number 1544436459
Qualifying information (Follett Bound)
020 ## - INTERNATIONAL STANDARD BOOK NUMBER
International Standard Book Number 9781646971046
Qualifying information (Penworthy)
020 ## - INTERNATIONAL STANDARD BOOK NUMBER
International Standard Book Number 1646971043
Qualifying information (Penworthy)
035 ## - SYSTEM CONTROL NUMBER
System control number 22970748
035 ## - SYSTEM CONTROL NUMBER
System control number (OCoLC)1132230918
040 ## - CATALOGING SOURCE
Original cataloging agency DCB
Language of cataloging eng
Transcribing agency DCB
Description conventions rda
Modifying agency OQX
-- BKL
-- NYP
-- OCLCF
-- OCO
-- OI6
-- UAP
-- ILC
-- CLE
-- HAS
-- Z#6
-- OCLCO
-- OCLCQ
-- OCLCO
-- DLC
042 ## - AUTHENTICATION CODE
Authentication code lccopycat
082 04 - DEWEY DECIMAL CLASSIFICATION NUMBER
Classification number [E]
Edition number 23
100 1# - MAIN ENTRY--PERSONAL NAME
Personal name Holloway, Lauren,
Relator term author.
9 (RLIN) 86856
245 10 - TITLE STATEMENT
Title Peppa's magical unicorn /
Statement of responsibility, etc adapted by Lauren Holloway and Cala Spinner.
260 ## - PUBLICATION, DISTRIBUTION, ETC. (IMPRINT)
Place of publication, distribution, etc UK:
Name of publisher, distributor, etc Penguin Random House;
Date of publication, distribution, etc 2018.
300 ## - PHYSICAL DESCRIPTION
Extent 9.84 x 0.16 x 9.84 inches :
Other physical details color illustrations ;
Dimensions 21 x 21 cm.
500 ## - GENERAL NOTE
General note At head of title: Peppa Pig.
500 ## - GENERAL NOTE
General note This book is based on the TV series Peppa Pig. Peppa Pig is created by Neville Astley and Mark Baker.
520 ## - SUMMARY, ETC.
Summary, etc "When Suzy comes over to Peppa's house to play, they have a lot of fun with Peppa's new toy horse, Horsey Twinkle Toes. But what they really want to play with is a wonderful, magical, colorful UNICORN! Can Daddy Pig make their dreams come true?"--Back cover
600 ## - SUBJECT ADDED ENTRY--PERSONAL NAME
Personal name Peppa Pig
Titles and other words associated with a name (Fictitious character)
Form subdivision Juvenile fiction.
9 (RLIN) 86857
650 ## - SUBJECT ADDED ENTRY--TOPICAL TERM
Topical term or geographic name as entry element Unicorns
Form subdivision Juvenile fiction.
9 (RLIN) 53018
650 ## - SUBJECT ADDED ENTRY--TOPICAL TERM
Topical term or geographic name as entry element Swine
Form subdivision Juvenile fiction.
650 ## - SUBJECT ADDED ENTRY--TOPICAL TERM
Topical term or geographic name as entry element Friendship
Form subdivision Juvenile fiction.
650 ## - SUBJECT ADDED ENTRY--TOPICAL TERM
Topical term or geographic name as entry element Pigs
Form subdivision Fiction
655 #0 - INDEX TERM--GENRE/FORM
Genre/form data or focus term Picture books for children.
655 #7 - INDEX TERM--GENRE/FORM
Genre/form data or focus term picture books.
Source of term aat
9 (RLIN) 53881
655 #7 - INDEX TERM--GENRE/FORM
Genre/form data or focus term Fiction.
Source of term fast
9 (RLIN) 52739
655 #7 - INDEX TERM--GENRE/FORM
Genre/form data or focus term Juvenile works.
Source of term fast
9 (RLIN) 52753
655 #7 - INDEX TERM--GENRE/FORM
Genre/form data or focus term Picture books.
Source of term fast
9 (RLIN) 53881
655 #7 - INDEX TERM--GENRE/FORM
Genre/form data or focus term Picture books.
Source of term lcgft
9 (RLIN) 53881
655 #7 - INDEX TERM--GENRE/FORM
Genre/form data or focus term Livres d'images.
Source of term rvmgf
9 (RLIN) 86858
655 #7 - INDEX TERM--GENRE/FORM
Genre/form data or focus term Fiction.
Source of term lcgft
9 (RLIN) 52739
655 #7 - INDEX TERM--GENRE/FORM
Genre/form data or focus term Fiction.
Source of term lcgft
9 (RLIN) 52739
655 #7 - INDEX TERM--GENRE/FORM
Genre/form data or focus term Fiction.
Source of term lcgft
9 (RLIN) 52739
700 1# - ADDED ENTRY--PERSONAL NAME
Personal name Spinner, Cala,
Relator term author.
9 (RLIN) 86859
730 0# - ADDED ENTRY--UNIFORM TITLE
Uniform title Peppa Pig (Television program)
9 (RLIN) 86860
906 ## - LOCAL DATA ELEMENT F, LDF (RLIN)
a 0
b ibc
c copycat
d 2
e ncip
f 20
g y-gencatlg
942 ## - ADDED ENTRY ELEMENTS (KOHA)
Source of classification or shelving scheme
Koha item type Book
Holdings
Withdrawn status Lost status Source of classification or shelving scheme Damaged status Not for loan Home library Current library Date acquired Total Checkouts Full call number Barcode Date last seen Date checked out Price effective from Koha item type
          Logos International School Logos International School 11/12/2025 3 E PEP 041939 03/24/2026 03/12/2026 11/12/2025 Book

For any Logos Library related questions please contact Miss Art at swongnarasuk@asianhope.org.

For any Asian Hope Library related questions please contact Miss Raza at graza@asianhope.org.

Click here to explore our ebooks!

Powered by Koha